|
|
|
|
| LEADER |
00000nam2a2200000 4500 |
| 001 |
272336 |
| 005 |
20231101234526.0 |
| 035 |
|
|
|a (RuTPU)RU\TPU\book\295542
|
| 035 |
|
|
|a RU\TPU\book\295541
|
| 090 |
|
|
|a 272336
|
| 100 |
|
|
|a 20141017d1987 km y0rusy50 ca
|
| 101 |
0 |
|
|a rus
|
| 102 |
|
|
|a RU
|
| 105 |
|
|
|a y z 100zy
|
| 200 |
0 |
|
|a Т. 2
|
| 210 |
|
|
|d 1987
|
| 215 |
|
|
|a 415 с.
|
| 461 |
|
1 |
|0 (RuTPU)RU\TPU\book\291693
|t XX съезд Всесоюзного Ленинского Коммунистического Союза Молодежи
|o 15-18 апреля 1987 года стенографический отчет
|o в 2 т.
|v Т. 2
|d 1987
|
| 606 |
1 |
|
|a ВЛКСМ
|x Съезды
|2 stltpush
|3 (RuTPU)RU\TPU\subj\2609
|9 31158
|
| 610 |
1 |
|
|a Всесоюзный Ленинский Коммунистический Союз Молодежи
|
| 610 |
1 |
|
|a молодежные организации
|
| 610 |
1 |
|
|a молодежные форумы
|
| 610 |
1 |
|
|a история
|
| 610 |
1 |
|
|a СССР
|
| 610 |
1 |
|
|a съезды
|
| 610 |
1 |
|
|a документы
|
| 610 |
1 |
|
|a материалы
|
| 610 |
1 |
|
|a стенографические отчеты
|
| 686 |
|
|
|a Ф75(2)11
|v LBC/SL-A
|2 rubbk
|
| 801 |
|
1 |
|a RU
|b 63413507
|c 20141017
|
| 801 |
|
2 |
|a RU
|b 63413507
|c 20161227
|g RCR
|
| 942 |
|
|
|c BK
|